Statistics for Countries of Europe Quiz

Click here to take the quiz!

General Stats

  • This quiz has been taken 572,665 times
    (275,109 since last reset)
  • The average score is 39 of 45

Answer Stats

Country % Correct
France
99%
United
Kingdom
98%
Spain
98%
Italy
98%
Germany
98%
Sweden
97%
Ireland
97%
Norway
96%
Portugal
96%
Russia
96%
Greece
95%
Finland
95%
Denmark
94%
Iceland
94%
Poland
94%
Belgium
93%
Netherlands
92%
Switzerland
91%
Austria
90%
Ukraine
89%
Croatia
86%
Hungary
85%
Romania
85%
Latvia
84%
Luxembourg
84%
Slovakia
84%
Estonia
84%
Czech
Republic
84%
Vatican City
82%
Lithuania
82%
Slovenia
81%
Belarus
81%
Albania
81%
Bulgaria
79%
Bosnia and
Herzegovina
79%
Serbia
78%
Andorra
78%
Malta
76%
Monaco
75%
North
Macedonia
74%
Liechtenstein
74%
Montenegro
70%
San Marino
70%
Kosovo
70%
Moldova
69%

Score Distribution

Percentile by Number Answered

Percent of People with Each Score

Your Score History

You have not taken this quiz since the last reset